Catálogo

EL ROSARIO EUCARISTICO (Registro nro. 58972)

Detalles MARC
000 -LEADER
fixed length control field 00902nam a2200241 a 4500
001 - CONTROL NUMBER
control field 58972
003 - CONTROL NUMBER IDENTIFIER
control field Mx-PuUPA
005 - DATE AND TIME OF LATEST TRANSACTION
control field 20190617090908.0
008 - FIXED-LENGTH DATA ELEMENTS--GENERAL INFORMATION
fixed length control field 140415s2010 mx 000 0 spa d
020 ## - INTERNATIONAL STANDARD BOOK NUMBER
International Standard Book Number 9684371632
040 ## - CATALOGING SOURCE
Transcribing agency Mx-PuUPA
041 ## - LANGUAGE CODE
Language code of text/sound track or separate title spa
082 ## - DEWEY DECIMAL CLASSIFICATION NUMBER
Classification number 242.74
Item number RAM
100 1# - MAIN ENTRY--PERSONAL NAME
Personal name RAMIREZ C.
245 13 - TITLE STATEMENT
Title EL ROSARIO EUCARISTICO
250 ## - EDITION STATEMENT
Edition statement 1a ed.
260 ## - PUBLICATION, DISTRIBUTION, ETC.
Place of publication, distribution, etc. MEXICO :
Name of publisher, distributor, etc. PAULINAS,
Date of publication, distribution, etc. 2010
300 ## - PHYSICAL DESCRIPTION
Extent 126
Dimensions 10.5 x 0.5 x 16.5
490 ## - SERIES STATEMENT
Series statement TU PALABRA
520 ## - SUMMARY, ETC.
Summary, etc. ESTE ROSARIO EUCARÍSTICO ESTÁ PENSADO PARA REZARSE FRENTE AL SAGRARIO, ES DECIR, EN UNA VISITA AL SANTÍSIMO. LA PRESENTE VERSIÓN INCLUYE, ADEMÁS DE LA CLÁSICA LETANÍA LAUTERANA, UNA NOVEDOSA LISTA DE FLORES MARÍA QUE AYUDARÁ A MANTENER PRESENTE EL RECUERDO DE LA VIDA DE JESÚS MEDITADA EN EL ROSARIO.
650 14 - SUBJECT ADDED ENTRY--TOPICAL TERM
Topical term or geographic name entry element VIRGEN MARIA
General subdivision DEVOCIONARIOS
-- ROSARIO
-- VIRGEN MARIA
-- ORACIONES
942 ## - ADDED ENTRY ELEMENTS (KOHA)
Source of classification or shelving scheme Dewey Decimal Classification
Koha item type Libro
Existencias
Withdrawn status Lost status Source of classification or shelving scheme Damaged status Not for loan Collection code Home library Current library Shelving location Date acquired Source of acquisition Inventory number Total Checkouts Full call number Barcode Date last seen Price effective from Koha item type
    Dewey Decimal Classification     General Biblioteca Karol Wojtyla Biblioteca Karol Wojtyla Sala general 03/12/2013 Compra 151000000000000000056426   242.74 RAM 89241 05/01/2026 04/09/2014 Libro